书目信息 |
| 题名: |
你不知道的历史细节
|
|
| 作者: | 王国华 著 | |
| 分册: | ||
| 出版信息: | 武汉 崇文书局 2009.10 |
|
| 页数: | 106页 | |
| 开本: | 24cm | |
| 丛书名: | ||
| 单 册: | ||
| 中图分类: | K220.7-53 | |
| 科图分类: | ||
| 主题词: | ||
| 电子资源: | ||
| ISBN: | 978-7-5403-1569-6 | |
| 000 | 00768nam0 2200229 450 | |
| 001 | 012011119471 | |
| 005 | 20111028085607.10 | |
| 010 | @a978-7-5403-1569-6@dCNY22.00 | |
| 100 | @a20111028d2009 em y0chiy0120 ea | |
| 101 | 0 | @achi |
| 102 | @aCN@b420000 | |
| 105 | @ay z 000yy | |
| 106 | @ar | |
| 200 | 1 | @a你不知道的历史细节@Ani bu zhi dao de li shi xi jie@f王国华著@Fwang guo hua zhu |
| 210 | @a武汉@c崇文书局@d2009.10 | |
| 215 | @a106页@d24cm | |
| 330 | @a本书主要内容:话说绝,事做绝,忽然正义,朋友的真谛,吓了两跳,高贵的绿帽子,棍棒之下,岂有道理,两种道德,你死我活等。 | |
| 607 | @a中国@Azhong guo@x古代史@j文集 | |
| 690 | @aK220.7-53@v4 | |
| 701 | 0 | @a王国华@Awang guo hua@4著 |
| 801 | 0 | @aCN@bQSSK@c20111028 |
| 905 | @b794894-96@dK220.7-53@eW192@f3 | |
| 你不知道的历史细节/王国华著.-武汉:崇文书局,2009.10 |
| 106页;24cm |
| ISBN 978-7-5403-1569-6:CNY22.00 |
| 本书主要内容:话说绝,事做绝,忽然正义,朋友的真谛,吓了两跳,高贵的绿帽子,棍棒之下,岂有道理,两种道德,你死我活等。 |
| ● |
| 相关链接 |
|
|
|
正题名:你不知道的历史细节
索取号:K220.7-53/W192
 
预约/预借
| 序号 | 登录号 | 条形码 | 馆藏地/架位号 | 状态 | 备注 |
| 1 | 794894 | 207948943 | 社科库309/309社科库 32排4列6层/ [索取号:K220.7-53/W192] | 在馆 | |
| 2 | 794895 | 207948952 | 社科库309/309社科库 32排4列6层/ [索取号:K220.7-53/W192] | 在馆 | |
| 3 | 794896 | 207948961 | 社科库309/309社科库 32排4列6层/ [索取号:K220.7-53/W192] | 在馆 |